History Of Europe : (Record no. 5122)

MARC details
000 -LEADER
fixed length control field 00484cam a2200193ua 4500
001 - CONTROL NUMBER
control field 5973
005 - DATE AND TIME OF LATEST TRANSACTION
control field 20260515113948.0
008 - FIXED-LENGTH DATA ELEMENTS--GENERAL INFORMATION
fixed length control field 131029n ii |||gr||||Z||||||eng
040 ## - CATALOGING SOURCE
Transcribing agency MAIN
082 ## - DEWEY DECIMAL CLASSIFICATION NUMBER
Classification number 940
100 ## - MAIN ENTRY--PERSONAL NAME
Personal name Fisher,H.A.L,
Relator term Author.
245 ## - TITLE STATEMENT
Title History Of Europe :
Remainder of title Vol ii /
Statement of responsibility, etc. by H.A.L Fisher .
260 ## - PUBLICATION, DISTRIBUTION, ETC.
Place of publication, distribution, etc. Delhi:
Name of publisher, distributor, etc. Surjeet Publications,
Date of publication, distribution, etc. 1981.
300 ## - PHYSICAL DESCRIPTION
Extent 1300p.
653 ## - INDEX TERM--UNCONTROLLED
Uncontrolled term History of Europe
653 ## - INDEX TERM--UNCONTROLLED
Uncontrolled term History Of Europe
653 ## - INDEX TERM--UNCONTROLLED
Uncontrolled term Vol ii
942 ## - ADDED ENTRY ELEMENTS (KOHA)
Koha item type Books
Holdings
Withdrawn status Lost status Damaged status Not for loan Home library Current library Shelving location Date acquired Total checkouts Full call number Barcode Date last seen Copy number Price effective from Koha item type
        Naharkatiya College Library Naharkatiya College Library General stacks 09/19/2020   940 | FIS 3733 09/19/2020 1 09/19/2020 Books
        Naharkatiya College Library Naharkatiya College Library General stacks 09/19/2020   940 | FIS 3734 09/19/2020 2 09/19/2020 Books